|
|
|
|
| LEADER |
01879nam a2200445 i 4500 |
| 001 |
nkc20233494285 |
| 003 |
CZ PrNK |
| 005 |
20230412105916.0 |
| 007 |
ta |
| 008 |
230118s2023 xr abe f 000 0 cze |
| 015 |
|
|
|a cnb003494285
|
| 020 |
|
|
|a 978-80-905733-9-0
|q (kroužková vazba) :
|c neprodejné
|
| 035 |
|
|
|a (OCoLC)1378695256
|
| 040 |
|
|
|a OLA001
|b cze
|e rda
|
| 041 |
0 |
|
|a cze
|a eng
|
| 043 |
|
|
|a e-xr---
|
| 072 |
|
7 |
|a 656.2
|x Železniční doprava
|2 Konspekt
|9 4
|
| 080 |
|
|
|a 656.33.027
|2 MRF
|
| 080 |
|
|
|a (437.3)
|2 MRF
|
| 080 |
|
|
|a (062.534)
|2 MRF
|
| 111 |
2 |
|
|a Vysokorychlostní tratě v ČR (seminář)
|d (2023 :
|c Děčín, Česko)
|7 olak20231182674
|4 aut
|
| 245 |
1 |
0 |
|a Vysokorychlostní tratě v ČR :
|b sborník přednášek vydaný u příležitosti semináře konaného ve dnech 8. a 9. února 2023 v Děčíně /
|c VOŠ a SPŠ Děčín
|
| 264 |
|
1 |
|a Děčín :
|b Vyšší odborná škola a Střední průmyslová škola strojní, stavební a dopravní, Děčín, příspěvková organizace,
|c 2023
|
| 300 |
|
|
|a 87 stran :
|b ilustrace, 1 mapa, plány ;
|c 30 cm
|
| 336 |
|
|
|a text
|b txt
|2 rdacontent
|
| 337 |
|
|
|a bez média
|b n
|2 rdamedia
|
| 338 |
|
|
|a svazek
|b nc
|2 rdacarrier
|
| 500 |
|
|
|a 200 výtisků
|
| 504 |
|
|
|a Obsahuje bibliografie
|
| 546 |
|
|
|a Částečně anglický text
|
| 650 |
0 |
7 |
|a vysokorychlostní železnice
|7 ph203128
|z Česko
|2 czenas
|
| 650 |
0 |
9 |
|a high speed trains
|z Czechia
|2 eczenas
|
| 655 |
|
7 |
|a sborníky konferencí
|7 fd133333
|2 czenas
|
| 655 |
|
9 |
|a proceedings of conferences
|2 eczenas
|
| 710 |
2 |
|
|a Vyšší odborná škola a Střední průmyslová škola strojní, stavební, a dopravní (Děčín, Česko)
|7 kn20130328009
|4 orm
|4 isb
|
| 910 |
2 |
|
|a BOA001
|b 4-1506.085
|
| 990 |
|
|
|a BK
|
| 995 |
|
|
|a 01
|
| 991 |
|
|
|b 202303
|c NOV
|
| 996 |
6 |
|
|b 2610934305
|c 4-1506.085
|l MZK
|r Sklad / do 1 hodiny
|n 1
|p p.v.
|w 001919628
|u 000010
|a 1
|e BOA001
|j MZK50
|s P
|